000 00878nam a2200265Ia 4500
003 OSt
005 20221005083700.0
006 a|||||r|||| 00| 0
007 ta
008 221004b |||||||| |||| 00| 0 eng d
020 _a9789382711759 (hbk)
_cINR 595.00
024 _a34929
037 _b570/2017-18, 14/09/2017, Vitasta Publishing Pvt. Ltd.
_cTextual
040 _aCRL
_cCRL
_beng
041 _2eng
_aeng
082 _aV241:1, Q6
100 _aChaku Arjan Nath Au.
_9612722
245 0 _aKashmir story
_b through the ages
260 _aNew Delhi
_bVitasta India
_c2017
300 _a332p.
_ccm.
650 _aJAMMU AND KASHMIR - HISTORY
_914767
700 _a Chaku Inder K Au.
_9612723
942 _hV241:1, Q6
_cTEXL
_2cc
999 _c991354
_d991354